Biggest US Cities in 2100 - Statistics

General Stats
  • This quiz has been taken 39 times
  • The average score is 22 of 25
Answer Stats
Population City % Correct
18.37M Atlanta
100%
13.78M Miami
100%
15.5M Los Angeles
97%
20.81M New York
97%
13.64M Seattle
97%
22.29M Austin
94%
33.91M Dallas
94%
31.38M Houston
94%
22.27M Phoenix
94%
8.78M San Francisco
94%
8.91M Chicago
91%
10.57M Denver
91%
6.42M Portland
91%
14.97M Washington, DC
91%
7.32M Philadelphia
88%
11.39M San Antonio
88%
8.27M Boston
85%
10.88M Tampa
85%
11.01M Charlotte
82%
9.07M Las Vegas
82%
7.56M Minneapolis
79%
7.78M Nashville
76%
14.17M Orlando
76%
8.4M Raleigh
59%
10.23M Riverside
38%
No matching quizzes found
Score Distribution
Percent of People with Each Score
Percentile by Number Answered
Your Score History
You have not taken this quiz